| 000 | 00748cam a2200253 i 4500 | ||
|---|---|---|---|
| 001 | 2299395 | ||
| 003 | GBCCL | ||
| 005 | 20241126110340.0 | ||
| 008 | 801006t19811966pau 000 0 eng | ||
| 010 | _a 80025261 | ||
| 020 | _a0664243622 | ||
| 040 |
_aDLC _cDLC _dDLC |
||
| 050 | 0 | 0 |
_aBV4832.2 _b.B29 1981 |
| 082 | 0 | 0 |
_a242 _219 _bBAR |
| 100 | 1 |
_aBarclay, William, _d1907-1978. |
|
| 240 | 1 | 0 | _aSeen in the passing |
| 245 | 1 | 0 |
_aIn the hands of God / _cby William Barclay ; selected by Rita F. Snowden. |
| 260 |
_aPhiladelphia : _bWestminster Press, _c[1981] c1966. |
||
| 300 |
_a158 p. ; _c19 cm. |
||
| 650 | 0 | _aMeditations. | |
| 700 | 1 |
_aSnowden, Rita F., _d1907-1999. |
|
| 906 |
_a7 _bcbc _corignew _du _eocip _f19 _gy-gencatlg |
||
| 942 |
_2ddc _cBK |
||
| 999 |
_c522 _d522 |
||